Communication for development in the Third World : theory and practice /

Библиографические подробности
Главный автор: Melkote, Srinivas R., 1952-
Формат:
Язык:English
Опубликовано: New Delhi ; Newbury Park, Calif. : Sage Publications, 1991[reprinted 1998].
Предметы:
Classic Catalogue: View this record in Classic Catalogue
LEADER 01142nam a2200265 a 4500
001 4376950
008 091102r19981991ii a b 001 0 eng d
010 |a \\\91000333  
020 |a 817036227X (India : hbk.) 
020 |a 8170362288 (India : pbk.) 
020 |a 0803996837 (US : hbk.) 
020 |a 0803996845 (US : pbk.) 
040 |a DLC  |c DLC  |d DLC 
082 0 0 |a 338.9/009172/4  |2 20 
100 1 |a Melkote, Srinivas R.,  |d 1952- 
245 1 0 |a Communication for development in the Third World :  |b theory and practice /  |c Srinivas R. Melkote. 
260 |a New Delhi ;  |a Newbury Park, Calif. :  |b Sage Publications,  |c 1991[reprinted 1998]. 
300 |a 292 p. :  |b ill. ;  |c 23 cm. 
504 |a Includes bibliographical references (p. [272]-285) and index. 
541 1 |e 00008245 
650 0 |a Communication in economic development  |z Developing countries. 
651 0 |a Developing countries  |x Economic policy. 
852 4 |a Ayesha Abed Library  |j General shelf 
999 |c 7638  |d 7638 
952 |0 0  |1 0  |2 ddc  |4 0  |6 338_900917240000000_MEL_1998  |7 0  |9 8358  |a BRACUL  |b BRACUL  |c GEN  |d 2010-02-22  |l 5  |m 11  |o 338.90091724 MEL  |p 3010008245  |r 2018-12-05  |s 2018-09-18  |t 1  |w 2010-02-22  |y BK